Märchen/ (Record no. 125491)
[ view plain ]
| 000 -LEADER | |
|---|---|
| fixed length control field | 00620cam a2200229M 4500 |
| 001 - CONTROL NUMBER | |
| control field | 6139893 |
| 003 - CONTROL NUMBER IDENTIFIER | |
| control field | ARRUPE |
| 005 - DATE AND TIME OF LATEST TRANSACTION | |
| control field | 20161031112809.0 |
| 008 - FIXED-LENGTH DATA ELEMENTS--GENERAL INFORMATION | |
| fixed length control field | 001113s1900 gw a 000 1 ger d |
| 035 ## - SYSTEM CONTROL NUMBER | |
| System control number | (OCoLC)ocm58430921 |
| 035 ## - SYSTEM CONTROL NUMBER | |
| System control number | (NNC)6139893 |
| 035 ## - SYSTEM CONTROL NUMBER | |
| System control number | (OCoLC)58430921 |
| 040 ## - CATALOGING SOURCE | |
| Original cataloging agency | ERL |
| Transcribing agency | ERL |
| Modifying agency | ZCU |
| 050 ## - LIBRARY OF CONGRESS CALL NUMBER | |
| Classification number | PZ34.B32 |
| 300 ## - PHYSICAL DESCRIPTION | |
| Dimensions | 23 cm. |
| 100 1# - MAIN ENTRY--PERSONAL NAME | |
| Personal name | Bechstein, Ludwig, |
| Dates associated with a name | 1801-1860. |
| 9 (RLIN) | 26675 |
| 245 10 - TITLE STATEMENT | |
| Title | Märchen/ |
| Statement of responsibility, etc | Ludwig Bechstein ; |
| 260 ## - PUBLICATION, DISTRIBUTION, ETC. (IMPRINT) | |
| Place of publication, distribution, etc | Wien: |
| Name of publisher, distributor, etc | Verlag Carl Ueberreuter, |
| Date of publication, distribution, etc | 1946 |
| 300 ## - PHYSICAL DESCRIPTION | |
| Extent | 328 p : |
| 650 #0 - SUBJECT ADDED ENTRY--TOPICAL TERM | |
| Topical term or geographic name as entry element | Fairy tales. |
| 9 (RLIN) | 26676 |
| 650 #0 - SUBJECT ADDED ENTRY--TOPICAL TERM | |
| Topical term or geographic name as entry element | Tales, German |
| 9 (RLIN) | 26677 |
| 942 ## - ADDED ENTRY ELEMENTS (KOHA) | |
| Source of classification or shelving scheme | Library of Congress Classification |
| Koha item type | Monograph ( Printed materials) |
| Withdrawn status | Lost status | Source of classification or shelving scheme | Damaged status | Not for loan | Collection code | Home library | Current library | Shelving location | Date acquired | Total Checkouts | Full call number | Barcode | Date last seen | Price effective from | Koha item type |
|---|---|---|---|---|---|---|---|---|---|---|---|---|---|---|---|
| Library of Congress Classification | Main Collection | ARRUPE LIBRARY | ARRUPE LIBRARY | Main Collection | 13/10/2016 | PZ34.B32 | 46500010592 | 01/06/2021 | 13/10/2016 | Monograph ( Printed materials) |